000 00626nam a2200217Ia 4500
003 OSt
005 20250313143921.0
008 210210b2015 xxu||||| |||| 00| 0 eng d
020 _a9789383171101
040 _cAL
041 _ahin
082 _aH891.8 DVIJ
100 _aDVIVEDI (Shambhunath)
_9206088
110 _bद्विवेदी शंभुनाथ
_9206089
245 _aJansanchar aur vividh madhyam:
_bजनसंचार और विविध माध्यम
260 _aKanpur
_b-
_c2015
300 _a200
690 _aHindi Miscellaneous
_9206096
906 _a070788
942 _2ddc
_cBK
999 _c120167
_d120167